India today. (Record no. 75076)

MARC details
000 -LEADER
fixed length control field 02389nam a22004577a 4500
005 - DATE AND TIME OF LATEST TRANSACTION
control field 20130501153243.0
008 - FIXED-LENGTH DATA ELEMENTS--GENERAL INFORMATION
fixed length control field 130501b xxu||||| |||| 00| 0 eng d
022 0# - INTERNATIONAL STANDARD SERIAL NUMBER
International Standard Serial Number 0254-8399
Source 20
025 ## - OVERSEAS ACQUISITION NUMBER
Overseas acquisition number I-C-E-99
035 ## - SYSTEM CONTROL NUMBER
System control number (OCoLC)ocm02675526
037 ## - SOURCE OF ACQUISITION
Source of stock number/acquisition India Today (English), Post Box 115, New Delhi 110001
082 04 - DEWEY DECIMAL CLASSIFICATION NUMBER
Classification number 050
210 1# - ABBREVIATED TITLE
Abbreviated title India today
Qualifying information (English)
222 #0 - KEY TITLE
Key title India today
Qualifying information (English)
245 00 - TITLE STATEMENT
Title India today.
260 ## - PUBLICATION, DISTRIBUTION, ETC. (IMPRINT)
Place of publication, distribution, etc [New Delhi,
Name of publisher, distributor, etc Thomson Living Media India Ltd.]
300 ## - PHYSICAL DESCRIPTION
Extent v.
Other physical details ill.
Dimensions 27 cm.
310 ## - CURRENT PUBLICATION FREQUENCY
Current publication frequency Weekly,
Date of current publication frequency June 1997-
321 ## - FORMER PUBLICATION FREQUENCY
Former publication frequency Semimonthly,
-- 1975-May 1997
362 0# - DATES OF PUBLICATION AND/OR SEQUENTIAL DESIGNATION
Dates of publication and/or sequential designation Dec. 15, 1975-
500 ## - GENERAL NOTE
General note India today home circulated free in Delhi and NCR and India today aspire circulated free in Mumbai, Delhi & NCR, Chennai, Bangalore, and Kolkata.
525 ## - SUPPLEMENT NOTE
Supplement note Separately paged supplement to India today issue accompanies every monthly under the title of: India today aspire and India today home.
525 ## - SUPPLEMENT NOTE
Supplement note Separately paged supplement accompanies some issues under the title of: India today spice.
590 ## - LOCAL NOTE (RLIN)
Local note SERBIB/SERLOC merged record
651 #0 - SUBJECT ADDED ENTRY--GEOGRAPHIC NAME
Geographic name India
Form subdivision Periodicals.
740 02 - ADDED ENTRY--UNCONTROLLED RELATED/ANALYTICAL TITLE
Uncontrolled related/analytical title India today aspire.
740 02 - ADDED ENTRY--UNCONTROLLED RELATED/ANALYTICAL TITLE
Uncontrolled related/analytical title India today home.
740 02 - ADDED ENTRY--UNCONTROLLED RELATED/ANALYTICAL TITLE
Uncontrolled related/analytical title India today spice.
770 0# - SUPPLEMENT/SPECIAL ISSUE ENTRY
Title India today spice
Record control number (DLC) 2006310900
-- (OCoLC)64164697
775 0# - OTHER EDITION ENTRY
Title India today. Hindi
Record control number (DLC)sn 90016429
-- (OCoLC)17631024
775 0# - OTHER EDITION ENTRY
Title India today (North American ed.)
International Standard Serial Number 0709-6178
Relationship information Jan. 1979-<Aug. 1/15, 1980>
Record control number (DLC)cn 79039078
-- (OCoLC)4750736
775 0# - OTHER EDITION ENTRY
Title India today (International ed.)
International Standard Serial Number 0254-8399
Relationship information <Aug. 15, 1982>-May 15, 1992
Record control number (DLC)sc 84007949
-- (OCoLC)8800679
775 0# - OTHER EDITION ENTRY
Title India today (North American special ed.)
Relationship information May 31, 1992-June 9, 1997
Record control number (DLC)sn 92018647
-- (OCoLC)27003242
775 0# - OTHER EDITION ENTRY
Title India today international
International Standard Serial Number 1544-6689
Relationship information June 16, 1997-
Record control number (DLC) 2002252067
-- (OCoLC)48896378
776 08 - ADDITIONAL PHYSICAL FORM ENTRY
Display text Online version:
Title India today
Record control number (OCoLC)760158574
936 ## - OCLC/CONSER MISCELLANEOUS DATA (OCLC); PIECE USED FOR CATALOGING (pre-AACR2) (RLIN)
OCLC control number(s) of parallel record(s) (OCLC); Piece used for cataloging, PUC (RLIN) Vol. 13, no. 5 (Mar. 15, 1988)
942 ## - ADDED ENTRY ELEMENTS (KOHA)
Source of classification or shelving scheme Dewey Decimal Classification
Item type Periodicals
Serial record 1

No items available.


© Delhi Public Library
Hit Counter
free hit counter